00481 a2200133 4500020001800000050002100018100003100039245013200070264005300202300001100255500005000266650001700316650001400333 a9783846510469 aJF 1081 GEB 2011 aGebeye, Berihun A.eauthor aRethinking international anti-corruption conventions :belevating corruption-free service as a human right /cBerihun A. Gebeye aU.S.A. :bLap Lampert Academic Publishing,c2011 a180p.: aIncludes bibliographical references and index aHuman rights aCivil law